The emergent church : (Record no. 26041)
[ view plain ]
| 000 -LEADER | |
|---|---|
| fixed length control field | 00938cam a22002778a 4500 |
| 001 - CONTROL NUMBER | |
| control field | 4441974 |
| 005 - DATE AND TIME OF LATEST TRANSACTION | |
| control field | 20040830211955.0 |
| 008 - FIXED-LENGTH DATA ELEMENTS--GENERAL INFORMATION | |
| fixed length control field | 810108s1981 nyu b 000 0 eng |
| 010 ## - LIBRARY OF CONGRESS CONTROL NUMBER | |
| LC control number | 81000288 |
| 020 ## - INTERNATIONAL STANDARD BOOK NUMBER | |
| International Standard Book Number | 0824500369 |
| 035 ## - SYSTEM CONTROL NUMBER | |
| System control number | (NNC)4441974 |
| 040 ## - CATALOGING SOURCE | |
| Original cataloging agency | DLC |
| Transcribing agency | DLC |
| Modifying agency | NNUT |
| -- | CStRLIN |
| 041 1# - LANGUAGE CODE | |
| Language code of text/sound track or separate title | eng |
| Language code of original and/or intermediate translations of text | ger |
| 050 0# - LIBRARY OF CONGRESS CALL NUMBER | |
| Classification number | BR123 |
| Item number | .M48 1981 |
| 100 1# - MAIN ENTRY--PERSONAL NAME | |
| Personal name | Metz, Johannes Baptist, |
| Dates associated with a name | 1928- |
| 245 14 - TITLE STATEMENT | |
| Title | The emergent church : |
| Remainder of title | the future of Christianity in a postbourgeois world / |
| Statement of responsibility, etc | Johann Baptist Metz ; translated by Peter Mann. |
| 260 ## - PUBLICATION, DISTRIBUTION, ETC. (IMPRINT) | |
| Place of publication, distribution, etc | New York : |
| Name of publisher, distributor, etc | Crossroad, |
| Date of publication, distribution, etc | 1981. |
| 263 ## - PROJECTED PUBLICATION DATE | |
| Projected publication date | 8105 |
| 300 ## - PHYSICAL DESCRIPTION | |
| Extent | ix, 127 p. ; |
| Dimensions | 22 cm. |
| 500 ## - GENERAL NOTE | |
| General note | Translation of Jenseits bürgerlicher Religion. |
| 504 ## - BIBLIOGRAPHY, ETC. NOTE | |
| Bibliography, etc | Includes bibliographies. |
| 650 #0 - SUBJECT ADDED ENTRY--TOPICAL TERM | |
| Topical term or geographic name as entry element | Christianity |
| Chronological subdivision | 20th century. |
| 942 ## - ADDED ENTRY ELEMENTS (KOHA) | |
| Source of classification or shelving scheme | Library of Congress Classification |
| Item type | Book |
| Withdrawn status | Lost status | Source of classification or shelving scheme | Damaged status | Not for loan | Home library | Current library | Shelving location | Date acquired | Total Checkouts | Full call number | Barcode | Date last borrowed | Price effective from | Koha item type |
|---|---|---|---|---|---|---|---|---|---|---|---|---|---|---|
| Library of Congress Classification | Bishop Okullu Memorial Library (Limuru Campus) | Bishop Okullu Memorial Library (Limuru Campus) | General Circulation | 18/11/2009 | 1 | BR123 .M48 1981 | 012735 | 30/09/2013 | 18/11/2009 | Book |